00882nam a22001697a 4500008004100000020001500041020001500056050001600071100002200087245008100109260004500190300003000235500002000265505037200285650003500657700002000692120127t xxu||||| |||| 00| 0 eng d a0393056740 a0393090590 aHC106.7.S37 aShultz, George P. aEconomic policy beyond the headlines /cGeorge, P. Shultz and Kenneth W. Dam aNew York:bW.W.Norton & Company,cc1977. axi, 225 p.:bill.;c20cm. aIncludes index. aContents: Themes -- The Myth of budget tuning -- Tax policy and the taxpayer -- The Life cycle of wage and price controls -- Income security: The Vital trade-on -- International monetary policy -- International trade policy: New dimensions to old problems -- Organizations and reorganizations -- Energy and the marketplace -- Tools for a constructive economic policy. aUnited States--Economic policy aDam, Kenneth W.